000 00769nam a2200253Ia 4500
003 OSt
005 20221005131349.0
006 a|||||r|||| 00| 0
007 ta
008 221004b |||||||| |||| 00| 0 eng d
024 _a26323
037 _cTextual
040 _aCRL
_cCRL
_beng
041 _2eng
_aeng
082 _aT4.438,e4'N27, F7
110 _aBURMA, BURMA UNIVERSITY
_9639498
245 0 _aSixth annual report of the executive committee of the council of the University for the period Ist April 1926 to 31st March 1927
260 _c1927
300 _a86p.
_ccm.
650 _aHIGHER EDUCATION - BURMA
_9639499
700 _aBURMA, BURMA UNIVERSITY
_9639500
942 _hT4.438,e4'N27, F7
_cTEXL
_2cc
999 _c1060114
_d1060114